Enviromental impact assessment for Viet Nam water resources assistance project

Đã lưu trong:
書目詳細資料
企業作者: Ministry of Agriculture and Rural Development (Vietnam)
格式: 圖書
語言:Undetermined
出版: Washington D.C. The World Bank 2003
主題:
標簽: 添加標簽
沒有標簽, 成為第一個標記此記錄!
Thư viện lưu trữ: Trung tâm Học liệu Trường Đại học Cần Thơ
LEADER 00623nam a2200181Ia 4500
001 CTU_62255
008 210402s9999 xx 000 0 und d
082 |a 363.61 
082 |b W927m/Vol.3 
110 |a Ministry of Agriculture and Rural Development (Vietnam) 
245 0 |a Enviromental impact assessment for Viet Nam water resources assistance project 
245 0 |c Ministry of Agriculture and Rural Development (Vietnam) 
260 |a Washington D.C. 
260 |b The World Bank 
260 |c 2003 
650 |a water resources development 
904 |i Minh 
980 |a Trung tâm Học liệu Trường Đại học Cần Thơ